| 000 | 00690nam a2200253Ia 4500 | ||
|---|---|---|---|
| 003 | OSt | ||
| 005 | 20221005123631.0 | ||
| 006 | a|||||r|||| 00| 0 | ||
| 007 | ta | ||
| 008 | 221004b |||||||| |||| 00| 0 fre d | ||
| 024 | _a53364 | ||
| 037 | _cTextual | ||
| 040 |
_aCRL _cCRL _bfre |
||
| 041 |
_2fre _afre |
||
| 082 | _aO122,3M50,22, 32K4 | ||
| 100 | _aDe Maupassant Guy Au. | ||
| 245 | 0 | _aMadammayude pennpada | |
| 260 | _c1964 | ||
| 300 |
_a75 _ccm. |
||
| 650 |
_aFRENCH FICTION _9155413 |
||
| 700 |
_a Raghavan Puthuppally _9633932 |
||
| 942 |
_hO122,3M50,22, 32K4 _cTEXL _2cc |
||
| 999 |
_c1047977 _d1047977 |
||